000 01041nam0a22002891 4500
001 v19\rc\1964625
005 20080428182218.4
035 _a(NLR Aleph) 005054901
090 _a6934033
_c6934033
100 _a20080428e19131913|||y0rusy50 ca
101 0 _arus
102 _aRU
105 _ay z |||||
200 1 _aДомашняя молитва
210 _aКаменец-Подольск
_cтип. св. Троиц. братства
_d1913
215 _a8 с.
_d25
300 _aВ конце текста авт.: Н.Я.; установлен по изд.: Масанов И.Ф. Словарь псевдонимов... М., 1957. Т. 2. С. 237
311 _aИз "Журн. "Правосл. Подолия"
488 0 _12001#$aПравославная Подолия
700 1 _aЯворовский
_bН. И.
_gНиколай Иванович
790 0 _aН. Я.
801 0 _aRU
_bNLR
_gpsbo
801 0 _aRU
_bRuMoRGB
_2psbo
801 1 _aRU
_bProSoft-M
_2rusmarc
852 _aNLR
_j37.53.5.520
942 _cBOOK
980 _aNB